| 000 | 00835nas a2200265 i 4500 | ||
|---|---|---|---|
| 001 | 2133 | ||
| 003 | ES-MaACL | ||
| 005 | 20250804062723.0 | ||
| 007 | t| | ||
| 008 | 950801d19001946fr | | 1 ||re d | ||
| 080 | _a1 | ||
| 245 | 0 | 0 |
_aRevue de philosophie / _cdir. E. Peillaube. |
| 260 |
_aParis : _bMarcel Rivière, etc, _c1900-1946 ( _eLa Chapelle : _fMonttigeon) |
||
| 300 |
_a26 v. ; _c25 cm. |
||
| 310 | _aBimestral | ||
| 321 |
_aMensual, _b1901-14 |
||
| 362 | 0 | _a1900-1914 (I-XXV). 1919-1929 (XXVI-XXX). 1930-1940 (n. s. I-X, t. gén. XXXI-XL). 1946. | |
| 500 | _aNo se publicó en 1915-1918. | ||
| 500 | _aIndice de 1901-1913. | ||
| 650 | 1 | 7 |
_aFilosofía _2embne _912802 |
| 700 | 1 |
_aPeillaube, E, _edir. _989977 |
|
| 852 |
_aES-MaACL _jHem-823 |
||
| 866 | 0 | _o1910-14.1919-26,1929-34(1935). | |
| 999 |
_c2133 _d2133 |
||